| 000 | 00929cam a2200265 4500 | ||
|---|---|---|---|
| 008 | #DATE n2002 000 0 eng u | ||
| 020 | _a0415263034 | ||
| 035 | _a(Sirsi) u118914 | ||
| 041 | _aeng | ||
| 050 | _a624 | ||
| 100 | _aFitchett, P. | ||
| 245 | _aWriting engineering specifications | ||
| 250 | _a2nd ed. | ||
| 260 |
_aLondon _bSpon _c2002 |
||
| 300 | _ax,203p. $2 4cm. | ||
| 350 | _a21.99 | ||
| 520 | _aA concise guide to preparing technical specifications discussing the law of contract, the different types of specification, planning drafts, presenting the completed document, schedules, assessments, commissioning the project and claims. Includes model specifications and layouts. | ||
| 650 | _aCIVIL ENGINEERING | ||
| 650 | _aENGINEERING CONTRACTS | ||
| 650 | _aMODEL FORMS | ||
| 650 | _aSPECIFICATIONS | ||
| 690 | _aBUILDING AND CONSTRUCTION-ENGINEERING | ||
| 700 | _aHaslam, J. | ||
| 942 | _n0 | ||
| 999 |
_c102198 _d102198 |
||